AH International Schools' Libraries

Jonah's incredible journey : (Record no. 48574)

MARC details
000 -LEADER
fixed length control field 00818nam a2200205 4500
020 ## - INTERNATIONAL STANDARD BOOK NUMBER
International Standard Book Number 9780745962191 (hbk.)
020 ## - INTERNATIONAL STANDARD BOOK NUMBER
International Standard Book Number 074596219X (hbk.)
100 ## - MAIN ENTRY--PERSONAL NAME
Personal name Pasquali, Elena,
Relator term author.
9 (RLIN) 86110
245 10 - TITLE STATEMENT
Title Jonah's incredible journey :
Remainder of title finger-trail, follow the story.
Statement of responsibility, etc Text by Elena Pasquali.
250 ## - EDITION STATEMENT
Edition statement First edition, 2012
260 ## - PUBLICATION, DISTRIBUTION, ETC. (IMPRINT)
Place of publication, distribution, etc USA. :
Name of publisher, distributor, etc Lion Children's Books ;
Date of publication, distribution, etc 2012.
300 ## - PHYSICAL DESCRIPTION
Extent 1 volume (unpaged) :
Other physical details chiefly colored illustrations ;
Dimensions 17 cm.
490 ## - SERIES STATEMENT
Series statement Finger-trail tales
650 #0 - SUBJECT ADDED ENTRY--TOPICAL TERM
Topical term or geographic name as entry element Bible stories, English
General subdivision Old Testament
Form subdivision Pictorial works
-- Juvenile literature.
9 (RLIN) 86111
650 #0 - SUBJECT ADDED ENTRY--TOPICAL TERM
Topical term or geographic name as entry element Board books.
700 1# - ADDED ENTRY--PERSONAL NAME
Personal name Beer, Barbara Vagnozzi,
Relator term illustrator.
9 (RLIN) 69598
906 ## - LOCAL DATA ELEMENT F, LDF (RLIN)
a 7
b cbc
c orignew
d 4
e ncip
f 20
g y-gencatlg
942 ## - ADDED ENTRY ELEMENTS (KOHA)
Source of classification or shelving scheme
Holdings
Withdrawn status Lost status Source of classification or shelving scheme Damaged status Not for loan Home library Current library Date acquired Total Checkouts Full call number Barcode Checked out Date last seen Date checked out Price effective from Koha item type
          Logos International School Logos International School 03/11/2025 4 BB PAS 040502 06/26/2026 02/09/2026 02/09/2026 03/11/2025 Board Book

For any Logos Library related questions please contact Miss Art at swongnarasuk@asianhope.org.

For any Asian Hope Library related questions please contact Miss Raza at graza@asianhope.org.

Click here to explore our ebooks!

Powered by Koha